[Event "XXXII. Banicky kahanec"]
[Site "?"]
[Date "2009.09.11"]
[Round "7"]
[White "Michalik, Peter"]
[Black "Strunski, Andreas"]
[Result "1/2-1/2"]
[WhiteElo "2439"]
[BlackElo "2394"]
[PlyCount "51"]
[EventDate "2009.09.11"]
[SourceDate "2009.09.11"]

1. c4 Nf6 2. Nc3 g6 3. g3 Bg7 4. Bg2 c6 5. e4 d5 6. cxd5 cxd5 7. e5 Ne4 8. d4
Nc6 9. Nge2 Bg4 10. h3 Nxc3 11. bxc3 Bxe2 12. Qxe2 e6 13. O-O Rc8 14. h4 h5 15.
Bg5 Qd7 16. Rac1 Na5 17. Qf3 Nc4 18. Rfe1 Bh6 19. Qf6 Bxg5 20. Qxh8+ Ke7 21.
Qg7 Bxc1 22. Qf6+ Ke8 23. Qh8+ Ke7 24. Qf6+ Ke8 25. Qh8+ Ke7 26. Qf6+ 1/2-1/2

[Event "XXXII. Banicky kahanec"]
[Site "?"]
[Date "2009.09.12"]
[Round "8"]
[White "Hafizulhelmi, Mas"]
[Black "Csiba, Dominik"]
[Result "1/2-1/2"]
[WhiteElo "2416"]
[BlackElo "2353"]
[PlyCount "84"]
[EventDate "2009.09.12"]
[SourceDate "2009.09.12"]

1. d4 Nf6 2. c4 g6 3. Nc3 d5 4. Bg5 Ne4 5. Qc1 Bg7 6. cxd5 Nxg5 7. Qxg5 Bxd4 8.
Nf3 Bf6 9. Qd2 O-O 10. e4 Bg4 11. Be2 Nd7 12. h3 Bxf3 13. Bxf3 e6 14. O-O exd5
15. Nxd5 Bg5 16. Qc2 c6 17. Nc3 Qe7 18. Rad1 Rad8 19. g3 Qc5 20. Kg2 Bf6 21.
Bg4 Ne5 22. Be2 Nc4 23. Rxd8 Rxd8 24. Nd1 b5 25. Bxc4 Qxc4 26. Qxc4 bxc4 27.
Ne3 c3 28. bxc3 Rd2 29. e5 Be7 30. a4 Ra2 31. Rd1 Bc5 32. Kf3 Rxa4 33. Rd8+ Kg7
34. Rc8 Ra3 35. c4 Ra6 36. Rc7 Kf8 37. Ng4 Ra3+ 38. Ke4 h5 39. Nf6 Bxf2 40.
Rc8+ Kg7 41. Rg8+ Kh6 42. Rh8+ Kg7 1/2-1/2

[Event "XXXII. Banicky kahanec"]
[Site "?"]
[Date "2009.09.12"]
[Round "8"]
[White "Strunski, Andreas"]
[Black "Hirneise, Tobias"]
[Result "1/2-1/2"]
[WhiteElo "2394"]
[BlackElo "2427"]
[PlyCount "80"]
[EventDate "2009.09.12"]
[SourceDate "2009.09.12"]

1. c4 Nf6 2. Nf3 e6 3. d4 c5 4. d5 exd5 5. cxd5 g6 6. Nc3 d6 7. h3 Bg7 8. e4
O-O 9. Bd3 b5 10. Bxb5 Nxe4 11. Nxe4 Qa5+ 12. Nfd2 Qxb5 13. Nxd6 Qa6 14. N2c4
Nd7 15. O-O Nb6 16. Nxb6 Qxb6 17. Nxc8 Raxc8 18. Rb1 Rfd8 19. Bf4 Qb7 20. d6
Bf8 21. Qd2 Bxd6 22. Bxd6 Rc6 23. Rfd1 Rcxd6 24. Qxd6 Rxd6 25. Rxd6 c4 26. Rd2
c3 27. Rc2 Qe4 28. Rbc1 cxb2 29. Rxb2 h5 30. Rb3 h4 31. a3 a5 32. Re3 Qd4 33.
Rf3 Qe4 34. Rd1 Kg7 35. Rd7 Qe1+ 36. Kh2 Qe5+ 37. Kg1 Qa1+ 38. Kh2 Qe5+ 39. Kh1
Qe1+ 40. Kh2 Qe5+ 1/2-1/2

[Event "XXXII. Banicky kahanec"]
[Site "?"]
[Date "2009.09.12"]
[Round "8"]
[White "Polak, Tomas"]
[Black "Michalik, Peter"]
[Result "1-0"]
[WhiteElo "2507"]
[BlackElo "2439"]
[PlyCount "43"]
[EventDate "2009.09.12"]
[SourceDate "2009.09.12"]

1. d4 d5 2. c4 c6 3. Nf3 Nf6 4. e3 e6 5. Bd3 Nbd7 6. O-O Bd6 7. Nc3 O-O 8. e4
dxc4 9. Bxc4 e5 10. Be3 b5 11. Bb3 a6 12. h3 Bb7 13. Re1 Qc7 14. Rc1 Rad8 15.
Nd5 Qb8 16. Nxf6+ Nxf6 17. Bg5 Be7 18. Nxe5 c5 19. Bxf6 Bxf6 20. Rxc5 Qd6 21.
Nxf7 Rxf7 22. Bxf7+ 1-0

[Event "XXXII. Banicky kahanec"]
[Site "?"]
[Date "2009.09.13"]
[Round "9"]
[White "Hirneise, Tobias"]
[Black "Polak, Tomas"]
[Result "1/2-1/2"]
[WhiteElo "2427"]
[BlackElo "2507"]
[PlyCount "80"]
[EventDate "2009.09.13"]
[SourceDate "2009.09.13"]

1. d4 Nf6 2. c4 e6 3. g3 d5 4. Nf3 dxc4 5. Bg2 a6 6. O-O Nc6 7. Nc3 Rb8 8. e4
Be7 9. Qe2 b5 10. Rd1 Nb4 11. d5 Nd3 12. dxe6 Bxe6 13. Ne1 Qc8 14. Nxd3 cxd3
15. Qxd3 O-O 16. Bf4 Rd8 17. Qc2 Bg4 18. Rxd8+ Bxd8 19. Rc1 Bh3 20. Nd5 Bxg2
21. Kxg2 Qe6 22. Nxf6+ Bxf6 23. b3 g5 24. Bxc7 Rc8 25. Qd3 Bd8 26. f3 h6 27.
Rc2 Bxc7 28. Rxc7 Rxc7 29. Qd8+ Kg7 30. Qxc7 Qf6 31. e5 Qf5 32. Qc3 Kh7 33. g4
Qf4 34. a3 Kg6 35. b4 Kh7 36. Qd3+ Kg7 37. Qc3 Kh7 38. Qe1 Kg7 39. h3 Qd4 40.
Kg3 h5 1/2-1/2

[Event "XXXII. Banicky kahanec"]
[Site "?"]
[Date "2009.09.13"]
[Round "9"]
[White "Krivoshey, Sergej"]
[Black "Strunski, Andreas"]
[Result "0-1"]
[WhiteElo "2497"]
[BlackElo "2394"]
[PlyCount "60"]
[EventDate "2009.09.13"]
[SourceDate "2009.09.13"]

1. Nf3 d5 2. d4 Nf6 3. c4 c6 4. e3 Bg4 5. Nc3 e6 6. h3 Bxf3 7. Qxf3 Nbd7 8. Bd3
Bd6 9. O-O O-O 10. Rd1 Re8 11. Bf1 Qe7 12. Bd2 a6 13. e4 e5 14. c5 Bb8 15. exd5
exd4 16. d6 Qd8 17. b4 Ne5 18. Qf5 dxc3 19. Bxc3 Qd7 20. Qf4 Ng6 21. Qf3 Ba7
22. Re1 Nd5 23. Bd4 Nxb4 24. Qb3 Nd5 25. Bc4 Ngf4 26. Rad1 Ne6 27. Bb2 Bxc5 28.
Bxd5 cxd5 29. Rxd5 Qb5 30. d7 Rf8 0-1

[Event "XXXII. Banicky kahanec"]
[Site "?"]
[Date "2009.09.13"]
[Round "9"]
[White "Simacek, Pavel"]
[Black "Stohl, Igor"]
[Result "1/2-1/2"]
[WhiteElo "2499"]
[BlackElo "2543"]
[PlyCount "67"]
[EventDate "2009.09.13"]
[SourceDate "2009.09.13"]

1. e4 c5 2. Nf3 e6 3. d4 cxd4 4. Nxd4 Nf6 5. Nc3 d6 6. Be3 a6 7. g4 e5 8. Nf5
g6 9. Bg2 d5 10. Qe2 d4 11. O-O-O gxf5 12. exf5 Qe7 13. g5 dxc3 14. gxf6 Qxf6
15. h4 Bh6 16. Bg5 Bxg5+ 17. hxg5 Qxf5 18. Kb1 Nd7 19. Bh3 Qf4 20. Qd3 Qb4 21.
Bxd7+ Ke7 22. b3 Rd8 23. Rh4 Qb6 24. Rh6 Qb4 25. Qd5 Bxd7 26. Qxe5+ Be6 27.
Rxe6+ fxe6 28. Qg7+ Ke8 29. Qg8+ Qf8 30. Qxe6+ Qe7 31. Qg8+ Qf8 32. Qe6+ Qe7
33. Qg8+ Qf8 34. Qe6+ 1/2-1/2

[Event "XXXII. Banicky kahanec"]
[Site "?"]
[Date "2009.09.13"]
[Round "9"]
[White "Csiba, Dominik"]
[Black "Jurcik, Marian"]
[Result "0-1"]
[WhiteElo "2353"]
[BlackElo "2477"]
[PlyCount "128"]
[EventDate "2009.09.13"]
[SourceDate "2009.09.13"]

1. e4 e5 2. Nf3 Nc6 3. d4 exd4 4. Nxd4 Bb4+ 5. Nc3 Nf6 6. Nxc6 bxc6 7. Bd3 d5
8. exd5 cxd5 9. O-O O-O 10. Bg5 c6 11. Ne2 Be7 12. Nd4 Bd7 13. c4 c5 14. Nf5
Bxf5 15. Bxf5 d4 16. Re1 h6 17. Bh4 Re8 18. Qf3 Bf8 19. Rxe8 Qxe8 20. Bxf6 gxf6
21. Be4 Rb8 22. Re1 Qc8 23. b3 Bg7 24. Bf5 Qc7 25. h3 Kf8 26. g4 Rd8 27. Bd3
Qd7 28. Re4 a5 29. Rf4 a4 30. Rf5 axb3 31. axb3 Qc7 32. Be4 Re8 33. Bd5 Re5 34.
Rxf6 Bxf6 35. Qxf6 Rg5 36. Qxh6+ Rg7 37. Qh8+ Rg8 38. Qh6+ Rg7 39. Qh8+ Rg8 40.
Qf6 Rg6 41. Qf5 Qe7 42. Kg2 Kg7 43. Qe4 Qxe4+ 44. Bxe4 Rb6 45. Bc2 Ra6 46. Kf3
Ra2 47. Bd3 Rb2 48. h4 Rxb3 49. Ke2 Rb8 50. Kd2 Rh8 51. h5 Kh6 52. Be4 Kg5 53.
f3 Kf4 54. Kd3 Rh6 55. Kd2 Ra6 56. Kd3 Ra3+ 57. Kd2 Kg5 58. Ke2 Rb3 59. Kd2 Re3
60. Bc6 f5 61. h6 Kxh6 62. gxf5 Kg5 63. Be4 Kf6 64. Kd1 Rc3 0-1